000 00702nam a2200253Ia 4500
003 OSt
005 20220918164558.0
006 a|||||r|||| 00| 0
007 ta
008 220917b |||||||| |||| 00| 0 eng d
020 _a0691062102
024 _a19,995
037 _cTextual
040 _aARTS
_cARTS
_beng
041 _2eng
_aeng
082 _aO1113:g(Q:1), L1
100 _aWhite John J.
_919534
245 0 _aMythology in the modern novel
_b A study of prefigurative techniques
260 _aPrinceton
_bPUP
_c1971
300 _axii, 264p.
_ccm.
650 _aENGLISH LITERATURE
942 _hO1113:g(Q:1), L1
_cTEXL
_2CC
999 _c125397
_d125397